000 00267nam a2200109Ia 4500
001 1261813
005 20260417140359.0
008 260417s9999 xx 000 0 und d
020 _a9786253693725
245 0 _aTaş ve Ten
_cİnci Aral
260 _bEverest Yayınları
999 _c1261813
_d1261813